000 01254nam0a22002891 4500
001 rc\4833613
005 20260406184515.0
021 _aRU
_b[68-93453]
035 _a(NLR Aleph) 008889955
090 _a8636129
_c8636129
100 _a20130426d1968 |||y0rusy50 ca
101 0 _arus
102 _aRU
105 _ay z |||||
200 1 _aТемпы, пропорции, критерии эффективности
_e[Сборник статей]
_fПод ред. М.З. Бора и А.Г. Куликова
_gАкад. обществ. наук при ЦК КПСС. Кафедра экон. наук
210 _aМосква
_cЭкономика
_d1968
215 _a151 с.
_d20
606 _aПланирование народного хозяйства СССР
_2psbo
606 _aПолитическая экономия социализма
_jСборники
_2psbo
702 1 _aБор
_bМ.З.
_gМихаил Захарович
_4340
702 1 _aКуликов
_bА.Г.
_4340
712 0 2 _aАкадемия общественных наук
_cМосква
_bКафедра экон. наук
_3RU\NLR\AUTH\889949871
_9395474
801 0 _aRU
_bNLR
_gpsbo
801 1 _aRU
_bELAR
_2rusmarc
852 _aNLR
_j68-3/7459
942 _cBOOK
980 _aNB